Normal view
MARC view
- Children's stories, French
Entry Topical Term
001 - CONTROL NUMBER
- control field: 14073
003 - CONTROL NUMBER IDENTIFIER
- control field: NUST
005 - DATE AND TIME OF LATEST TRANSACTION
- control field: 20190404064431.0
008 - FIXED-LENGTH DATA ELEMENTS
- fixed length control field: 190404|| aca||aabn | a|a d
040 ## - CATALOGING SOURCE
- Original cataloging agency: NUST
- Transcribing agency: NUST
150 ## - HEADING--TOPICAL TERM
- Topical term or geographic name entry element: Children's stories, French
- Form subdivision: Translations into English.
670 ## - SOURCE DATA FOUND
- Source citation: Work cat.: (NUST)232941: Perrault, Charles, 1628-1703. 14071, Perrault's fairy tales., 2004
